MARC

LEADER 00000nam1a2200000 4500
001 253599
005 20231101232847.0
010 |a 5244002570 
020 |a RU  |b 89-48549 
035 |a (RuTPU)RU\TPU\book\275996 
090 |a 253599 
100 |a 20140314d1989 k y0rusy5003 ca 
101 0 |a rus 
200 1 |a Региональная политика в СССР  |e экономико-географический подход  |f Б. С. Хорев 
210 |a Москва  |c Мысль  |d 1989 
215 |a 284 с.  |c ил. 
320 |a Библиогр.: с. 276-282. 
606 1 |a Экономическая география  |y Россия  |y СССР  |2 stltpush  |3 (RuTPU)RU\TPU\subj\37379  |9 58398 
610 1 |a региональная экономика 
610 1 |a региональная политика 
610 1 |a регионы 
610 1 |a территориально-экономическое развитие 
610 1 |a территориальная организация 
610 1 |a районирование 
610 1 |a экологическая политика 
686 |a У04(2)  |2 rubbk 
700 1 |a Хорев  |b Б. С.  |g Борис Сергеевич 
801 0 |a RU  |b RuMRKP  |c 19950417  |g psbo 
801 1 |a RU  |b 63413507  |c 20140314 
801 2 |a RU  |b 63413507  |c 20140515  |g RCR 
942 |c BK